000 01267nam a22002777a 4500
001 121710
008 221228s2023 xxk|||||o|||| 00| 0 eng d
020 _a9781783215096
041 _aeng
100 _a Varriale, Fabrizio
110 _aRoyal Institution of Chartered Surveyors
245 _aDecarbonising UK real estate:
_bAddendum to the November 2022 report Decarbonising UK real estate
_h[Electronic resource]
260 _aLondon,
_bRoyal Institution of Chartered Surveyors,
_cNovember 2023
300 _a17p.
490 _aRICS Policy Paper
520 _aSince the original report was published, several relevant policy developments have taken place under the UK government led by Rishi Sunak. This addendum to the 2022 report examines these developments to understand whether progress has been made against the gaps that were identified.
650 _aCLIMATE CHANGE ACT 2008
650 _aNET ZERO
650 _aDECARBONISATION
651 _aUnited Kingdom
690 _96238
_aEnvironment
690 _96307
_aBuilt Environment
710 _aRoyal Institution of Chartered Surveyors
856 _uhttps://www.rics.org/content/dam/ricsglobal/documents/reports/rics-cop28-policy-paper-united-kingdom.pdf
_zavailable on rics.org
942 _n0
999 _c121710
_d121710